Banking in Japan
Bewaard in:
| Formaat: | Boek |
|---|---|
| Taal: | Undetermined |
| Gepubliceerd in: |
Tokyo
KPMG Peat Marwick Minato
1987
|
| Onderwerpen: | |
| Tags: |
Voeg label toe
Geen labels, Wees de eerste die dit record labelt!
|
| Thư viện lưu trữ: | Trung tâm Học liệu Trường Đại học Cần Thơ |
|---|
| LEADER | 00400nam a2200157Ia 4500 | ||
|---|---|---|---|
| 001 | CTU_78856 | ||
| 008 | 210402s9999 xx 000 0 und d | ||
| 082 | |a 332.1 | ||
| 082 | |b B218 | ||
| 245 | 0 | |a Banking in Japan | |
| 260 | |a Tokyo | ||
| 260 | |b KPMG Peat Marwick Minato | ||
| 260 | |c 1987 | ||
| 650 | |a Banks and banking | ||
| 650 | |z Japan | ||
| 980 | |a Trung tâm Học liệu Trường Đại học Cần Thơ | ||